Central Library OPAC University of Rajshahi

A better investment climate for everyone / (Record no. 52266)

MARC details
000 -LEADER
fixed length control field 01175cam a2200325 a 4500
001 - CONTROL NUMBER
control field 52266
003 - CONTROL NUMBER IDENTIFIER
rucl marc code BD-RjUL
005 - DATE AND TIME OF LATEST TRANSACTION
control field 20211209075758.0
008 - FIXED-LENGTH DATA ELEMENTS--GENERAL INFORMATION
fixed length control field 160905s2004 dcuab 000 0 eng
020 ## - INTERNATIONAL STANDARD BOOK NUMBER
International Standard Book Number 0821357247 (cased) :
International Standard Book Number 0821356828 (pbk.) :
035 ## - SYSTEM CONTROL NUMBER
System control number (BD-RjUL)52386
040 ## - CATALOGING SOURCE
Original cataloging agency StDuBDS
Modifying agency BD-RjUL
Language of cataloging eng
Transcribing agency BD-RjUL
041 ## - LANGUAGE CODE
Language code of text/sound track or separate title eng
082 04 - DEWEY DECIMAL CLASSIFICATION NUMBER
Classification number 338.90091724
Edition number 23
Author mark and year BET 2004
245 02 - TITLE STATEMENT
Title A better investment climate for everyone /
Statement of responsibility, etc. Washington, D.C. : World Bank, 2004.
260 ## - PUBLICATION, DISTRIBUTION, ETC. (IMPRINT)
Place of publication, distribution, etc. Washington, D.C. :
Name of publisher, distributor, etc. World Bank ;
Place of publication, distribution, etc. New York, N.Y. ;
-- Great Britain :
Name of publisher, distributor, etc. Oxford University Press,
Date of publication, distribution, etc. c2004
300 ## - PHYSICAL DESCRIPTION
Pagination xvi, 271 p. :
Illustrations ill. ;
Size 27 cm.
490 1# - SERIES STATEMENT
Series statement World development report,
Volume/sequential designation 2005
500 ## - GENERAL NOTE
General note "This Report has been prepared by a team led by Warrick Smith ... "--P. xv.
650 #0 - SUBJECT ADDED ENTRY--TOPICAL TERM
Topical term or geographic name as entry element Investments
9 (RLIN) 156365
Topical term or geographic name as entry element Commercial policy.
9 (RLIN) 156366
Topical term or geographic name as entry element Business enterprises.
9 (RLIN) 156367
Topical term or geographic name as entry element Economic policy.
9 (RLIN) 156368
Topical term or geographic name as entry element Costs, Industrial.
9 (RLIN) 139463
700 1# - ADDED ENTRY--PERSONAL NAME
Personal name Smith, Warrick,
Dates associated with a name 1960-
710 2# - ADDED ENTRY--CORPORATE NAME
Corporate name or jurisdiction name as entry element World Bank.
9 (RLIN) 156370
830 #0 - SERIES ADDED ENTRY--UNIFORM TITLE
Uniform title World development report
Volume number/sequential designation 2005.
942 ## - ADDED ENTRY ELEMENTS (KOHA)
Source of classification or shelving scheme Dewey Decimal Classification
Koha item type Books
Holdings
Lost status Source of classification or shelving scheme Damaged status Not for loan Collection code Permanent Location Current Location Shelving location Date acquired Source of acquisition Cost, normal purchase price Total Checkouts Full call number Date last seen Copy number Koha item type
  Dewey Decimal Classification     Non-fiction Central Library, University of Rajshahi Central Library, University of Rajshahi   27/05/2006 Paragon ent. 26.00   338.90091724 BET 2004 07/09/2016 C-2 Books